La cooperación de los adolescentes en las tareas domésticas : diferencias de género y características asociadas /

Se estudia el grado de implantación de la cooperación en las tareas domésticas entre el alumnado de 10 a 18 años y se explora con qué características están asociadas tanto la ayuda diaria en casa como la nula ayuda. Los datos han sido recogidos en el seno del proyecto EVAE, un estudio de ámbito esta...

Descripción completa

Detalles Bibliográficos
Autor principal: Batista Foguet, Joan
Otros Autores: Rubio, Antonia, Mendoza, Ramón
Formato: Analitica de revista
Lenguaje:español
Publicado: Madrid Fundación Infancia y Aprendizaje 2006
Acceso en línea:Acceso electrónico al documento (tablas de contenido y resúmenes)

MARC

LEADER 00000cab a2200000 a 4500
001 026514
003 UAHC_CL
005 20180809143439.0
008 060704b xx j 000 1 spa
952 |0 0  |1 0  |2 ddc  |4 0  |6 C__E0304_06_000000000000000  |7 0  |8 COMP  |9 53425  |a BC  |b BC  |c General  |d 2017-08-03  |l 0  |o C & E-03-04/06  |r 2018-01-17 00:00:00  |t 1  |w 2017-08-03  |y REVA 
999 |c 26514  |d 26514 
037 |a Fundación Infancia y Aprendizaje: Crtra. de Canillas, 138, 16 C, 28043. Tf. 7596892; Fax: 3003527; correo electrónico: fundacionia@fia.es 
037 |a Fundación Infancia y Aprendizaje: Crtra. de Canillas, 138, 16 C, 28043. Tf. 7596892; Fax: 3003527; correo electrónico: fundacionia@fia.es 
040 |a UAHC_CL  |c UAHC_CL  |d UAHC_CL 
100 1 |a Batista Foguet, Joan 
245 1 3 |a La cooperación de los adolescentes en las tareas domésticas :  |b diferencias de género y características asociadas /  |c Ramón Mendoza, Joan Batista Foguet, Antonia Rubio. 
260 |b Fundación Infancia y Aprendizaje  |a Madrid  |c 2006 
300 |a pp. 363-379 
310 |a Trimestral 
500 |a En: C & E, n¼3-4, vol. 18, 2006. pp. 363-379. ISSN 11356405. 
520 |a Se estudia el grado de implantación de la cooperación en las tareas domésticas entre el alumnado de 10 a 18 años y se explora con qué características están asociadas tanto la ayuda diaria en casa como la nula ayuda. Los datos han sido recogidos en el seno del proyecto EVAE, un estudio de ámbito estatal sobre los estilos de vida de los adolescentes escolarizados (n = 8.956). Se constatan notables diferencias de género en la frecuencia de la cooperación en el hogar (los chicos, menos que las chicas). En ambos géneros, el no ayudar nunca en casa está significativamente asociado a la no lectura de libros, la no escritura voluntaria, la inadaptación escolar, el aislamiento en la familia y la búsqueda de sensaciones de riesgo, así como otras características estudiadas en el cuestionario. A su vez, la cooperación diaria en casa está asociada a características antagónicas a las anteriores. Los resultados resaltan la relevancia de la cooperación en las tareas domésticas para el desarrollo adolescente y la necesidad de profundizar en la investigación de este fenómeno 
700 1 |a Rubio, Antonia 
700 1 |a Mendoza, Ramón 
700 1 |a Mendoza, Ramón 
773 0 |t C&E : cultura y educación, revista de teoría, investigación y práctica  |w 026402 
856 |u http://dialnet.unirioja.es/servlet/listaarticulos?tipo_busqueda=EJEMPLAR&revista_busqueda=252&clave_busqueda=146774  |y Acceso electrónico al documento (tablas de contenido y resúmenes) 
900 |a C & E-03-04/06 
942 |c REVA  |2 ddc